000 01167nam a2200325Ia 4500
003 OSt
005 20221007123215.0
006 a|||||r|||| 00| 0
007 ta
008 221006b |||||||| |||| 00| 0 eng d
020 _a0306430916
024 _a2520
037 _cTextual
040 _aPAPL
_cPAPL
_beng
041 _2eng
_aeng
082 _aC9D8,23p1,N88, M88
100 _aWeber Harald W Ed
_9716821
111 _aInternational Discussion Meeting on High-Tc Superconductors^eAustria^gSalzburg^iFebruary 7-12,1988
_9716822
245 0 _aHigh-Tc superconductors ed by Harald W Weber
260 _aNew
_bYork Plenum
_c1988
300 _a363p
_ccm.
490 _vProceedingsof an International Discussion Meeting on High-Tc Superconductors, held February 7-11, 1988, at the Castle of Mauterndorf in Salzburg, Austria
650 _a High Temperature
_9716823
650 _a International ConferenceHigh Temperature
_9716824
650 _a Superconductors
_9716825
650 _a Superconductors
_9716825
650 _aPhysics
942 _hC9D8,23p1,N88, M88
_cTEXL
_2CC
999 _c1211523
_d1211523